Author by Movie Scene Quiz Stats

Quiz Updated Oct 8, 2012

Challenge
Share
Tweet
Score 0/25 Timer 07:00
9 Plays Today
Author % Correct
J.R.R. Tolkien
81%
Dan Brown
74.3%
Roald Dahl
60.9%
Stephen King
60.5%
Michael Crichton
52.6%
Lewis Carroll
50.6%
George Orwell
45.7%
Mario Puzo
45.3%
Anne Rice
41.6%
Truman Capote
39.1%
Tom Clancy
37%
Douglas Adams
29.9%
Anthony Burgess
28.5%
Author % Correct
Peter Benchley
26.9%
Thomas Harris
25.1%
Chuck Palahniuk
24.2%
Vladimir Nabokov
21.4%
Alice Sebold
19.9%
Joseph Conrad
19.3%
Joseph Heller
17.4%
Bret Easton Ellis
16.1%
Philip K. Dick
16%
William Peter Blatty
11.6%
James Ellroy
6.2%
Paul Brickhill
3%

You're not logged in!

Compare scores with friends on all Sporcle quizzes.
Sign Up with Email
OR
Log In

You Might Also Like...

Show Comments

Extras

Top Quizzes Today


Score Distribution

Your Account Isn't Verified!

In order to create a playlist on Sporcle, you need to verify the email address you used during registration. Go to your Sporcle Settings to finish the process.